Visualizzazione normale
Vista MARC
- Annibaldi Claudio
di Personal Name
Records bibliografici associati: 1
001 - CONTROL NUMBER
- control field: 20963
003 - CONTROL NUMBER IDENTIFIER
- control field: IT-RoPau
005 - DATE AND TIME OF LATEST TRANSACTION
- control field: 20140416214609.0
008 - FIXED-LENGTH DATA ELEMENTS
- fixed length control field: 140416|| aca||aabn | a|a d
040 ## - CATALOGING SOURCE
- Original cataloging agency: IT-RoPau
- Transcribing agency: IT-RoPau
100 ## - HEADING--PERSONAL NAME
- Personal name: Annibaldi Claudio
- Dates associated with a name: Codice autore testo SPICS: 18017
- Relator term: Autore testo
670 ## - SOURCE DATA FOUND
- Source citation: Work cat.: (IT-RoPau)99513: AA.VV. 794, Meccanismi della comunicazione musicale